| 000 | 01212cam a22003497a 4500 | ||
|---|---|---|---|
| 003 | CHAP | ||
| 005 | 20220329133054.0 | ||
| 008 | 971013s1990 r 00010 d | ||
| 010 | _a1854 | ||
| 011 | _a2826 | ||
| 035 | _a2026 | ||
| 040 | _cCHAP | ||
| 090 | _aTesis | ||
| 100 | 0 | 0 |
_aLuna Morales, César del Carmen. _969091 |
| 245 | 0 | _aCambios en el aprovechamiento de los recursos naturales del suroeste de Tlaxcala, México | |
| 260 |
_aChapingo, Méx. : _bEl Autor, _c1990 |
||
| 300 |
_a256 h. _b: ilus. |
||
| 502 | _aTesis (M.C. Esp. en Botánica) -- C.P. Centro de Botánica | ||
| 590 |
_aALEPH _b10 _c20130110 _lUCH01 _h1210 |
||
| 590 |
_aBATCH-UPD _b10 _c20130110 _lUCH01 _h1036 |
||
| 590 |
_aBATCH-UPD _b10 _c20130410 _lUCH01 _h0637 |
||
| 590 |
_aBATCH-UPD _b10 _c20130913 _lUCH01 _h2359 |
||
| 590 |
_aCONVERSION _b10 _c20130109 _lUCH01 _h1302 |
||
| 650 | 1 | 4 |
_aAgricultura _zTlaxcala. _91939 |
| 650 | 1 | 4 |
_aRecursos naturales _xTlaxcala. _995317 |
| 650 | 1 | 4 |
_aRecursos naturales _xUtilización. _995321 |
| 901 | _aBK | ||
| 942 | _cFOLL | ||
| 949 |
_bBC _cTES _d-11521 _eTS1 _h23738 _i2026 _si |
||
| 949 |
_bBC _cTES _d-70381 _eTS2 _fc.2 _h23739 _i2026 _si |
||
| 949 |
_bBC _cTES _d33724000817490 _eTS2 _fc.3 _h37918 _i2026 _sb |
||
| 999 |
_c1854 _d1854 |
||